Derecho laboral y de seguridad social COVID-19

Detalles Bibliográficos
Autor principal: Preciado Domňech, Carlos Hugo
Otros Autores: Poyatos i Matas, Glṛia, Segalš Fidalgo, Jaime
Formato: eBook
Lenguaje:español
Publicado: Albacete: Editorial Bomarzo, 2020
Materias:
Acceso en línea:Acceso restringido

MARC

LEADER 00000nam a22000007a 4500
005 2020092206156.0
007 cr|||| ||||
008 200922s2020 es |||||s|||| 00||0 spa d
020 |a 978-84-18330-07-0 
035 |a 32085 
040 |a vLex 
090 |c 10757  |d 10757 
100 1 |a Preciado Domňech, Carlos Hugo 
245 1 0 |a Derecho laboral y de seguridad social COVID-19  |h [Recurso electrn̤ico] /  |c Carlos Hugo Preciado Domňech, Glṛia Poyatos i Matas, Jaime Segalš Fidalgo 
256 |a Servicio en ln̕ea 
260 |a Albacete:  |b Editorial Bomarzo,  |c 2020 
300 |a 1 recurso electrn̤ico 
500 |a Manual para juristas de trinchera. 
506 1 |a Disponible solo en los productos indicados  |d vLex Global  |d vLex Global (Academic Edition, excluding Law Schools)  |d vLex Global (U.S. Academic Edition, Law Schools)  |d vLex Global (U.S. Academic Edition, excluding Law Schools)  |d vLex Global (Academic Edition, Law Schools) 
650 0 4 |a Derecho Laboral y Seguridad Social  |z Espaą 
700 1 |a Poyatos i Matas, Glṛia 
700 1 |a Segalš Fidalgo, Jaime 
740 0 |a vLex Libros (Servicio en ln̕ea) 
856 4 0 |u http://vlex.com/source/derecho-laboral-seguridad-social-covid-19-32085  |z Acceso restringido 
942 |c BOOK 
999 0 |a Labor law and social security